LEADER 01167nam0 22003131i 450 001 UON00072135 005 20231205102355.44 010 $a04-359-0007-2 100 $a20020107d1980 |0itac50 ba 101 $aeng 102 $aGB 105 $a|||| ||||| 200 1 $aWeep not, child$fNgugi wa Thiong'o 210 $aLondon$cHeinemann$d1980 215 $a136 p.$d19 cm 316 $a*Prezzo appr.$5IT-UONSI A AfrLETTI a/078* 410 1$1001UON00065571$12001 $aAfrican writers series 606 $aROMANZI AFRICANI (lett. anglofona)$xKenya$3UONC020337$2FI 620 $aGB$dLondon$3UONL003044 686 $aKEN823$cNARRATIVA AFRICANA ANGLOFONA - Kenya$2A 700 0$aNg?g? waThiong'o$3UONV044690 712 $aHeinemann$3UONV247100$4650 790 1$aNgugi, James$zNg?g? waThiong'o$3UONV044691 801 $aIT$bSOL$c20250711$gRICA 899 $aSIBA - SISTEMA BIBLIOTECARIO DI ATENEO$2UONSI 912 $aUON00072135 950 $aSIBA - SISTEMA BIBLIOTECARIO DI ATENEO$dSI LETT I a 078* $eSI AA 4225 5 078* *Prezzo appr. 996 $aWeep not, child$918731 997 $aUNIOR